The Secular City : Secularization and Urbanization in Theological Perspective /

I tiakina i:
Ngā taipitopito rārangi puna kōrero
Kaituhi matua: Cox, Harvey (autor)
Hōputu: Pukapuka
Reo:Pāniora
I whakaputaina: Nueva York, EUA : Macmillan, 1965, c1965:::
Ngā marau:
Ngā Tūtohu: Tāpirihia he Tūtohu
Kāore He Tūtohu, Me noho koe te mea tuatahi ki te tūtohu i tēnei pūkete!

MARC

LEADER 00000nam^a2200000^a^4500
001 000263658
005 20250521000000.0
009 20260310110622.13
025 |a Donación Jesús Vergara Aceves, 1 ejemplar 
037 |a Acervo Xavier Clavigero 
041 |a ESP 
082 |a 261. 21  |b COX 
100 |a Cox, Harvey  |e (autor) 
245 1 4 |a The Secular City :  |b Secularization and Urbanization in Theological Perspective /  |c H. Cox. 
264 4 |a Nueva York, EUA :  |b Macmillan,  |c 1965, c1965::: 
300 |a VIII, 276 p. 
336 |a texto  |b txt  |2 rdacontenido 
337 |a sin mediación  |b n  |2 rdamedio 
338 |a volumen  |b nc  |2 rdasoporte 
649 |a XX 
650 |a Secularización -  |x Tema Principal 
650 |a Urbanismo -  |x Tema Principal 
650 |a Cambios Sociales y Culturales 
650 |a Cristianismo y Sociedad 
650 |a Teología Social 
650 |a Iglesia Católica 
650 |a Catolicismo 
650 |a Religión 
910 |a Fondo Jesús Vergara Aceves S.J. 
920 |a Impresos - Libros 
930 |a Fondos Especiales 
905 |a 119 
901 |a 003848  |b IT2  |c ESP  |i D  |u 20250521 
901 |a 0500144751  |b IT2  |c ESP  |i D  |u 20250521 
902 |a https://opac.biblio.iteso.mx/vufind/Record/000263658